000 01168cam a2200265 a 4500
003 EG-GiCUC
008 081112s1995 su a g 000 0 ara d
040 _aEG-GiCUC
_bara
_cEG-GiCUC
092 0 4 _a375.57
_bA287
_221
099 _a04
_a375.57 A287
245 0 2 _aالاحياء :
_bللصف الحادى عشر /
_cتأليف احمد جاسم النجار...[وآخ.] ؛ تحرير و مراجعة اسعد الفارس
250 _aط1
260 _a[الرياض]:
_bمكتب التربية العربى لدول الخليج:المركز العربى للبحوث التربوية لدول الخليج:
_c1995
300 _a317ص:
_bايض لو؛
_c30سم
504 _aيشتمل على ارجاعات ببليوجرافية(ص317)
650 7 _aالاحياء:علم
_xتعليم و تدريس
_2qrmak
650 7 _aالتعليم الثانوى
_xمناهج
_2qrmak
700 1 _aالفارس : اسعد
700 1 _aالنجار : احمد جاسم
902 _a1
905 _aجيهان
_eمراجع
905 _aشكرية
_eمدخل
942 _2ddc
_cBK
999 _c111023
_d111023